| 000 | 01061nam0a22002651 4500 | ||
|---|---|---|---|
| 001 | rc\861499 | ||
| 005 | 20260406104408.0 | ||
| 035 | _a(NLR Aleph) 006041088 | ||
| 090 |
_a4704830 _c4704830 |
||
| 100 | _a20041129d1984 |||y0rusy50 ca | ||
| 101 | 0 | _arus | |
| 102 | _aRU | ||
| 105 | _aa ||||||||| | ||
| 200 | 1 |
_aРусский народный костюм _dRussian folk clothing _eИз собр. Гос. музея этнографии народов СССР _e[Альбом _fАвт. текста и сост. Л.Н. Молотова, Н.Н. Соснина] |
|
| 210 |
_aЛ. _cХудожник РСФСР _d1984 |
||
| 215 |
_a222 с. _cил., цв. ил. _d30 |
||
| 300 | _aРез.: англ. | ||
| 510 | 0 | _aRussian folk clothing | |
| 701 | 1 |
_aМолотова _bЛ.Н. _gЛюдмила Николаевна |
|
| 712 | 0 | 2 |
_aМузей этнографии народов СССР _cЛенинград _9277219 _3RU\NLR\AUTH\883035 |
| 801 | 0 |
_aRU _bNLR _gpsbo |
|
| 801 | 1 |
_aRU _bELAR _2rusmarc |
|
| 852 |
_aNLR _bЭ _jАлИс630-63/2-Р768 |
||
| 942 | _cBOOK | ||
| 980 | _aNB | ||